000 00468cam a2200193ua 4500
001 2247
008 110805n ii |||gr||||Z||||||eng
020 _a81-7339-423-7
040 _cMAIN
082 _a370
100 _aSharma, Mukul Kr.,
245 1 _aPrinciples of education
_cby Mukul Kr. Sharma
250 _a2nd.
260 _aDibrugarh:
_bBanalata,
_c2007.
300 _a475p:
_c23cm.
653 _aEducation
653 _aPrinciples of education
942 _cBK
999 _c2114
_d2114